| 000 | 00786nam a2200253Ia 4500 | ||
|---|---|---|---|
| 003 | OSt | ||
| 005 | 20220918171508.0 | ||
| 006 | a|||||r|||| 00| 0 | ||
| 007 | ta | ||
| 008 | 220917b |||||||| |||| 00| 0 eng d | ||
| 020 |
_a9781844678822 (hbk) _c1139.74 |
||
| 024 | _a266,230 | ||
| 037 |
_b35367, 27/07/2012, Segment Book Distributors _cTextual |
||
| 040 |
_aARTS _cARTS _beng |
||
| 041 |
_2eng _aeng |
||
| 082 | _aY33:6, Q2 | ||
| 100 |
_aHarvey David _923597 |
||
| 245 | 0 |
_aRebel cities _b From the right to the city to the urban revolution |
|
| 260 |
_aLondon _bVerso UK _c2012 |
||
| 300 |
_axviii, 187p. _ccm. |
||
| 650 | _aSOCIOLOGY | ||
| 942 |
_hY33:6, Q2 _cTEXL _2CC |
||
| 999 |
_c139862 _d139862 |
||